Quiz sul Costa Rica - Statistics

Statistiche generali
  • Questo quiz è stato fatto 550 volte
  • Il punteggio medio è 8 su 16
Statistiche sulle risposte
Hint Risposta % Corretto
Lingua ufficiale Spagnolo
99%
Panama
95%
Paesi confinanti Nicaragua
92%
Mare che bagna il paese ad est Mar dei Caraibi
86%
Capitale San Josè
81%
Unico paese americano che ha l'aspettativa di vita più lunga rispetto al Costa Rica Canada
70%
Il Costa Rica lo ha abolito nel 1948 Esercito
48%
Nome di una delle 4 specie di scimmie che vivono nel Costa Rica Cappuccina | Urlatrice | Ragno | Scoiattolo
28%
Moneta Colon
27%
Soprannome che viene dato ad un tipo di lucertola che può correre sull'acqua Lucertola {Gesù Cristo}
26%
Termine gergale per indicare un costaricano Tico / Tica
21%
Dal 2021 il Costa Rica ha attivato una serie di interventi per diventare (senza per ora riuscirci) un paese... A {emissioni} zero
19%
Isole del Pacifico considerate il punto più a sud del Nordamerica Isole C{ocos}
19%
Nome del vulcano più attivo del paese Arenal
18%
Fiume che forma gran parte del confine settentrionale San Juan
18%
Piatto tipico di riso e fagioli consumato per colazione Gallo {Pinto}
15%
Nessun quiz corrispondente trovato
Distribuzione punteggi
Percentuale di utenti per punteggio
Percentile per numero di risposta
I tuoi punteggi nel tempo
Non hai fatto questo quiz